| 000 | 01080cam a22002894a 4500 | ||
|---|---|---|---|
| 001 | 15838595 | ||
| 005 | 20250201203745.0 | ||
| 008 | 090723s2010 paua b 001 0 eng | ||
| 020 | _a9780781798396 | ||
| 020 | _a0781798396 | ||
| 050 | 0 | 0 |
_aRC86.8 _b.M386 2010 |
| 082 | 0 | 0 |
_a616.02/8 _222 |
| 100 | 1 | _aMarini, John J. | |
| 245 | 1 | 0 |
_aCritical care medicine : _bthe essentials / _cJohn J. Marini, Arthur P. Wheeler. |
| 250 | _a4th ed. | ||
| 260 |
_aPhiladelphia : _bWollters Kluwer/Lippincott Williams & Wilkins, _cc2010. |
||
| 300 |
_axii, 708 p. : _bill. ; _c26 cm. |
||
| 650 | 0 |
_aCritical care medicine _vHandbooks, manuals, etc. |
|
| 650 | 0 |
_aSurgical intensive care _vHandbooks, manuals, etc. |
|
| 650 | 1 | 2 |
_aCritical Care _xmethods. |
| 650 | 2 | 2 | _aEmergencies. |
| 650 | 2 | 2 |
_aIntensive Care _xmethods. |
| 700 | 1 | _aWheeler, Arthur P. | |
| 856 | 4 | 2 |
_3Publisher description _uhttp://www.loc.gov/catdir/enhancements/fy1010/2009030607-d.html |
| 856 | 4 | 1 |
_3Table of contents only _uhttp://www.loc.gov/catdir/enhancements/fy1012/2009030607-t.html |
| 942 |
_2lcc _cBK _e4th ed. _n0 |
||
| 999 |
_c3371 _d3371 |
||